<?xml version="1.0" encoding="UTF-8"?>
<collection xmlns="http://www.loc.gov/MARC21/slim">
 <record>
  <leader>00607pamaa2200205   4500</leader>
  <controlfield tag="001">0000041337</controlfield>
  <controlfield tag="005">20150907090000.0</controlfield>
  <controlfield tag="008">070110                             eng  </controlfield>
  <datafield tag="020" ind1="0" ind2="0">
   <subfield code="a">1740098129 (pbk.) </subfield>
  </datafield>
  <datafield tag="090" ind1="0" ind2="0">
   <subfield code="a">HD31 </subfield>
   <subfield code="b">FOU 2003</subfield>
  </datafield>
  <datafield tag="245" ind1="1" ind2="0">
   <subfield code="a">Foundations of management  </subfield>
   <subfield code="c">Stephen P. Robbins...(et. all).</subfield>
  </datafield>
  <datafield tag="260" ind1="0" ind2="0">
   <subfield code="a">Australia: </subfield>
   <subfield code="b">Prentice Hall, </subfield>
   <subfield code="c">2003.</subfield>
  </datafield>
  <datafield tag="300" ind1=" " ind2=" ">
   <subfield code="a">xxiv, 544p: </subfield>
   <subfield code="b">ill; </subfield>
   <subfield code="c">24 cm.</subfield>
  </datafield>
  <datafield tag="500" ind1="0" ind2="0">
   <subfield code="a">Includes index</subfield>
  </datafield>
  <datafield tag="650" ind1="0" ind2="0">
   <subfield code="a">Management </subfield>
  </datafield>
  <datafield tag="700" ind1="1" ind2="1">
   <subfield code="a">Stagg, </subfield>
   <subfield code="h">Ian </subfield>
  </datafield>
  <datafield tag="700" ind1="1" ind2="1">
   <subfield code="a">Robbins, Stephen P. </subfield>
  </datafield>
  <datafield tag="700" ind1="1" ind2="1">
   <subfield code="a">Bergman, </subfield>
   <subfield code="h">Rolf </subfield>
  </datafield>
  <datafield tag="700" ind1="1" ind2="1">
   <subfield code="a">Coulter, </subfield>
   <subfield code="h">Mary </subfield>
  </datafield>
  <datafield tag="901" ind1=" " ind2=" ">
   <subfield code="u">http://www.pearsoned.com.au</subfield>
  </datafield>
 </record>
</collection>
